| Tag |
First Indicator |
Second Indicator |
Subfields |
| LEADER |
00000cam a22000001a 4500 |
| 001 |
in00002139397 |
| 006 |
m e d # |
| 007 |
cr mn mmmmabba |
| 008 |
850702s1764 deu sl s000 0 eng d |
| 005 |
20260330212221.1 |
| 035 |
|
|
|z w007798
|
| 035 |
|
|
|a MAAR8507023502B
|
| 035 |
|
|
|9 mwa91-13442
|
| 035 |
|
|
|a 317128
|
| 035 |
|
|
|a aas03007798
|
| 040 |
|
|
|a MWA
|c MWA
|e bdrb
|d UtOrBLW
|
| 110 |
1 |
|
|a Delaware.
|
| 240 |
1 |
0 |
|a Laws, etc. (Session laws : 1764 Mar.)
|
| 245 |
1 |
0 |
|a Anno quarto Georgii III. Regis :
|b At a General Assembly begun at New-Castle, in the government of the counties of New-Castle, Kent and Sussex, upon Delaware, the twentieth day of October, in the third year of the reign of our Sovereign Lord George the Third, King of Great-Britain, &c. Annoque domini 1763, and continued by adjournments till the thirty-first day of March following, the following acts were passed ...
|
| 264 |
|
3 |
|a [Wilmington, Del.] :
|b [Printed by James Adams],
|c [1764]
|
| 300 |
|
|
|a pages 83-97 pages, 1 unnumbered page ;
|c (folio)
|
| 336 |
|
|
|a text
|b txt
|2 rdacontent
|
| 337 |
|
|
|a computer
|b c
|2 rdamedia
|
| 338 |
|
|
|a online resource
|b cr
|2 rdacarrier
|
| 500 |
|
|
|a Title taken from caption title and first lines of text.
|
| 500 |
|
|
|a Imprint supplied by Rink.
|
| 500 |
|
|
|a Pagination continues the session laws published from 1763 (Evans 9375).
|
| 510 |
4 |
|
|a Evans
|c 9632
|
| 510 |
4 |
|
|a Rink, E. Delaware,
|c 17
|
| 530 |
|
|
|a Microform version available in the Readex Early American Imprints series.
|
| 533 |
|
|
|a Electronic text and image data.
|b [Chester, Vt. :
|c Readex, a division of Newsbank, Inc.,
|d 2002-2004.
|e Includes files in TIFF, GIF and PDF formats with inclusion of keyword searchable text.
|f (Early American imprints. First series ; no. 9632).
|
| 500 |
|
|
|a Electronic resource.
|
| 752 |
|
|
|a United States
|b Delaware
|d Wilmington.
|
| 830 |
|
0 |
|a Early American imprints.
|n Series I,
|p Evans (1639-1800) ;
|v no. 9632.
|
| 856 |
4 |
1 |
|u http://proxy.library.tamu.edu/login?url=https://opac.newsbank.com/select/evans/9632
|y Evans Digital Edition
|t 0
|
| 999 |
|
|
|a MARS
|
| 999 |
f |
f |
|s 502c15bb-2203-3362-b731-ed3253ee918f
|i 29b4a524-2a86-3ae1-96c7-caa482e12749
|t 0
|
| 952 |
f |
f |
|a Texas A&M University
|b College Station
|c Electronic Resources
|s www_evans
|d Available Online
|t 0
|h No information provided
|
| 998 |
f |
f |
|t 0
|l Available Online
|